Loading...
| Thought - Philosophy | 1 | 1 | 0 | 1 | 25 | 58 | 90.50 | 1 | 2 |
| Arts - Music | 0 | 2 | 0 | 1 | 20 | 131 | 136.00 | 0 | 1 |
| Other - Geo/CE | 0 | 2 | 0 | 1 | 20 | 116 | 125.50 | 0 | 0 |
| History - American History | 1 | 0 | 0 | 0 | 15 | 52 | 52.00 | 0 | 1 |
| Literature - American Lit | 1 | 0 | 0 | 0 | 15 | 36 | 36.00 | 1 | 1 |
| Literature - World Lit | 0 | 1 | 0 | 0 | 10 | 96 | 96.00 | 0 | 1 |
| Literature - British Lit | 1 | 0 | 1 | 0 | 10 | 75 | 75.00 | 1 | 1 |
| Other - Other Academic | 0 | 1 | 0 | 0 | 10 | 102 | 102.00 | 1 | 1 |
| Other - Pop Culture | 0 | 1 | 1 | 0 | 5 | 109 | 109.00 | 0 | 0 |
| Arts - Painting | 0 | 0 | 1 | 0 | -5 | 0.00 | 0 | 0 | |
| Thought - Social Science | 0 | 0 | 1 | 0 | -5 | 0.00 | 0 | 0 |